Historia y descripción arqueológica de la basílica compostelana / (Registro nro. 64879)
[ vista simple ]
| 000 -LEADER | |
|---|---|
| fixed length control field | 01125cam a2200289 i 4500 |
| 001 - CONTROL NUMBER | |
| control field | 64879 |
| 003 - CONTROL NUMBER IDENTIFIER | |
| control field | Mx-PuUPA |
| 005 - DATE AND TIME OF LATEST TRANSACTION | |
| control field | 20251022120844.0 |
| 008 - FIXED-LENGTH DATA ELEMENTS--GENERAL INFORMATION | |
| fixed length control field | 080227s1999 sp ea gr 000 0 spa d |
| 020 ## - INTERNATIONAL STANDARD BOOK NUMBER | |
| International Standard Book Number | 8445324438 |
| 040 ## - CATALOGING SOURCE | |
| Original cataloging agency | Mx-PuUPA |
| Language of cataloging | spa |
| Transcribing agency | Mx-PuUPA |
| Modifying agency | Mx-PuUPA |
| Description conventions | rda |
| 041 0# - LANGUAGE CODE | |
| Language code of text/sound track or separate title | spa |
| 100 1# - MAIN ENTRY--PERSONAL NAME | |
| 9 (RLIN) | 9909 |
| Personal name | Zepedano y Carnero, José María, |
| Relator term | autor |
| 245 10 - TITLE STATEMENT | |
| Title | Historia y descripción arqueológica de la basílica compostelana / |
| Statement of responsibility, etc. | José María Zepedano y Carnero ; introducción, José Ma Díaz Fernández. |
| 264 31 - PRODUCTION, PUBLICATION, DISTRIBUTION, MANUFACTURE, AND COPYRIGHT NOTICE | |
| Place of production, publication, distribution, manufacture | Galicia : |
| Name of producer, publisher, distributor, manufacturer | Xunta de Galicia, |
| Date of production, publication, distribution, manufacture, or copyright notice | [1999] |
| 300 ## - PHYSICAL DESCRIPTION | |
| Extent | 349 páginas : |
| Other physical details | ilustraciones, planos ; |
| Dimensions | 16 cm. |
| 336 ## - CONTENT TYPE | |
| Fuente | rdacontent |
| Content type term | texto |
| Content type code | txt |
| 337 ## - MEDIA TYPE | |
| Source | rdamedia |
| Media type term | sin medio |
| Media type code | n |
| 338 ## - CARRIER TYPE | |
| Source | rdacarrier |
| Carrier type term | volumen |
| Carrier type code | nc |
| 650 14 - SUBJECT ADDED ENTRY--TOPICAL TERM | |
| Topical term or geographic name entry element | Catedral de Santiago de Compostela |
| General subdivision | Historia |
| 651 ## - SUBJECT ADDED ENTRY--GEOGRAPHIC NAME | |
| Geographic name | Santiago de Compostela |
| General subdivision | Edificios, estructuras, etc. |
| -- | Historia |
| 700 1# - ADDED ENTRY--PERSONAL NAME | |
| Personal name | Díaz Fernández, José María, |
| Relator term | colaborador |
| 942 ## - ADDED ENTRY ELEMENTS (KOHA) | |
| Source of classification or shelving scheme | Dewey Decimal Classification |
| Koha item type | Libro |
| Classification part | 726.6094611 |
| Item part | Z57 |
| Withdrawn status | Lost status | Source of classification or shelving scheme | Damaged status | Not for loan | Collection code | Home library | Current library | Shelving location | Date acquired | Source of acquisition | Total Checkouts | Full call number | Barcode | Date last seen | Price effective from | Koha item type |
|---|---|---|---|---|---|---|---|---|---|---|---|---|---|---|---|---|
| Dewey Decimal Classification | General | Biblioteca Karol Wojtyla | Biblioteca Karol Wojtyla | Sala general | 19/07/2018 | Donación | 726.6094611 Z57 1999 | 46104 | 05/01/2026 | 03/12/2013 | Libro |